000 00460nam a2200193Ia 4500
005 20240823054026.0
008 240823s9999||||xx |||||||||||||| ||und||
041 _aENGLISH
082 _A539.7 N3
100 _aRoy R R
245 0 _aNuclear Physics Theory and Experiment
250 _a1st
260 _c1993
_b"Wiley,New Delhi"
500 _aTRANSFERED
650 _aNuclear Physics
_bPhysics
700 _a Nigam B P
942 _cBK
999 _c225500
_d225500